[Event "Turkish Cup 2022"]
[Site "Sakarya"]
[Date "2022.03.29"]
[Round "7.4"]
[White "Koksal, Ege"]
[Black "Isilak, Enes"]
[Result "1-0"]
[WhiteElo "2343"]
[BlackElo "2125"]
[Annotator "TA"]
[PlyCount "82"]
[EventDate "2022.03.25"]
[EventType "swiss"]
[EventCountry "TUR"]
[SourceTitle "playchess.com"]
[Source "ChessBase"]
[SourceQuality "1"]
[TimeControl "5400+30"]

{[%evp 34,82,145,158,134,146,135,135,135,123,121,96,164,165,342,344,347,275,385,388,616,491,481,351,385,386,379,379,438,422,488,481,461,434,433,430,488,487,472,469,504,504,566,551,564,557,643,565,562,554,816]} 1. d4 d5 2. c4 dxc4 3. e3 Nf6 4. Bxc4 e6 5. Nf3 a6 6. O-O b5 {[%emt 0:01:30]} 7. Bd3 {[%emt 0:09:00]} Bb7 {[%emt 0:00:30]} 8. Qe2 {[%emt 0:00:30]} c5 {[%emt 0:00:00]} 9. a4 {[%emt 0:00:30]} b4 {[%emt 0:00:00]} 10. dxc5 {[%emt 0:08:30]} Bxc5 {[%emt 0:00:30]} 11. e4 {[%emt 0:00:30]} Nbd7 {[%emt 0:00:30]} 12. Nbd2 {[%emt 0:01:30]} e5 {[%emt 0:13:30]} 13. Nb3 {[%emt 0:00:30]} O-O {[%emt 0:11:30]} 14. Bg5 {[%emt 0:05:30]} Bd6 {[%emt 0:24:30]} 15. Rfd1 {[%emt 0:10:30]} h6 {[%emt 0:13:30]} 16. Be3 {[%emt 0:00:30]} a5 {[%emt 0:08:30]} 17. Nh4 {[%emt 0:04:30]} Re8 {[%emt 0:04:50]} 18. Nf5 {[%emt 0:14:30]} Bf8 {[%emt 0:02:30]} 19. f3 {[%emt 0:07:30]} Bc6 {[%emt 0:02:17]} 20. Bb5 {[%emt 0:01:30]} Bxb5 {[%emt 0:00:30]} 21. Qxb5 {[%emt 0:00:30]} Qb8 {[%emt 0:05:54]} 22. Nxa5 {[%emt 0:07:30]} Qxb5 {[%emt 0:00:25]} (22... g6 $16 {might work better.}) 23. axb5 $18 {[%emt 0:00:30]} Rab8 $2 {[%emt 0:08:55]} (23... Reb8 24. b6 Nxb6) 24. Nc4 $18 {[%emt 0:00:30]} Re6 {[%emt 0:01:02]} 25. Ra7 {[%emt 0:10:42]} Nc5 {[%emt 0:00:30]} 26. b6 {[%emt 0:00:30]} Rc6 {[%emt 0:00:30]} (26... Nb7 $142 27. Bf2 b3) 27. Nxe5 {[%emt 0:00:30]} Rcxb6 {[%emt 0:01:03]} 28. Nxf7 {[%emt 0:09:56]} ({Don't take} 28. Rxf7 Re6 29. Rxf8+ Rxf8 $18) 28... Ra6 {[%emt 0:00:29]} 29. Rxa6 {[%emt 0:00:49]} Nxa6 {[%emt 0:00:00]} 30. Ne5 {[%emt 0:00:10]} Rc8 {[%emt 0:00:38]} 31. Ra1 {[%emt 0:00:53]} Re8 {[%emt 0:00:48]} 32. Ng6 {[%emt 0:01:34]} ({Much less strong is} 32. Rxa6 Rxe5 33. Nxh6+ gxh6 34. Rxf6 Ra5 $18) 32... Re6 {[%emt 0:00:40]} 33. Nxf8 {[%emt 0:01:15]} Kxf8 {[%emt 0:00:01]} 34. Rc1 {[%emt 0:00:00]} Nd7 {[%emt 0:00:30]} 35. Bd4 {[%emt 0:00:33]} g6 {[%emt 0:00:46]} 36. Nxh6 {[%emt 0:00:30]} Rd6 {[%emt 0:00:02]} 37. Be3 {[%emt 0:00:46]} Rd3 {[%emt 0:00:47]} 38. Ng4 {[%emt 0:00:30]} b3 {[%emt 0:00:00]} 39. Kf2 {[%emt 0:00:00]} Nb4 {[%emt 0:00:28]} 40. Ke2 {[%emt 0:00:27]} Rd6 {[%emt 0:00:00]} 41. Rc3 {[%emt 0:01:09]} Na2 {[%emt 0:00:38]} 1-0

[Event "Turkish Cup 2022"]
[Site "Sakarya"]
[Date "2022.03.29"]
[Round "7.5"]
[White "Yavuz, Efe Metehan"]
[Black "Huseyinoglu, Alihan"]
[Result "1-0"]
[WhiteElo "2054"]
[BlackElo "2312"]
[Annotator "TA"]
[PlyCount "67"]
[EventDate "2022.03.25"]
[EventType "swiss"]
[EventCountry "TUR"]
[SourceTitle "playchess.com"]
[Source "ChessBase"]
[SourceQuality "1"]
[TimeControl "5400+30"]

{[%evp 23,67,7,13,12,21,0,14,0,91,87,250,278,341,373,348,276,347,335,333,321,329,330,429,424,412,425,412,329,438,425,528,527,597,285,354,336,342,345,336,328,339,343,331,324,306,304]} 1. d4 g6 {[%emt 0:03:00]} 2. Nf3 {[%emt 0:07:30]} Bg7 {[%emt 0:00:30]} 3. g3 {[%emt 0:03:30]} d6 {[%emt 0:02:30]} 4. Bg2 {[%emt 0:00:30]} f5 {[%emt 0:01:30]} 5. O-O {[%emt 0:01:30]} Nf6 {[%emt 0:00:30]} 6. c4 {[%emt 0:00:30]} O-O {[%emt 0:00:30]} 7. Nc3 {[%emt 0:01:30]} Qe8 {[%emt 0:03:30]} 8. d5 {[%emt 0:07:30]} Na6 {[%emt 0:05:30]} 9. Nd4 {[%emt 0:07:30]} Bd7 {[%emt 0:04:30]} 10. Rb1 {[%emt 0:09:30]} c6 {[%emt 0:07:30]} 11. dxc6 {[%emt 0:08:30]} bxc6 {[%emt 0:00:30]} 12. b4 {[%emt 0:00:30]} Rc8 {[%emt 0:10:30][%cal Oa6b4]} 13. b5 {[%emt 0:13:30] A87: Dutch Defence: Leningrad System: 5 Nf3.} cxb5 {[%emt 0:07:30] [#]} 14. cxb5 {[%emt 0:02:30] aiming for Qb3+.} Rxc3 {[%emt 0:12:30]} 15. bxa6 {[%emt 0:00:30] The position is equal.} ({Much weaker is} 15. Bb2 Rc7 16. bxa6 Ne4 $15) 15... Ne4 {[%emt 0:14:30] [#]} (15... e5 $11 16. Nb3 Bc6) 16. Rb7 $1 $16 {[%emt 0:05:30] [#]} Nc5 $146 {[%emt 0:05:04]} (16... Rxc1 $2 17. Qxc1 Qf7 18. Qe3 $18) (16... Kh8 $16 {keeps fighting.}) ({Predecessor:} 16... Qc8 17. Bb2 Rc7 18. Qb3+ Kh8 19. Bxe4 fxe4 20. Rxc7 Qxc7 21. Rc1 Qa5 22. Ne6 Bxe6 23. Bxg7+ Kxg7 24. Qxe6 Rf7 {½-½ (24) Wehmeier,S (2320)-Kindermann,S (2495) Lippstadt 1993}) 17. Rxa7 $18 {[%emt 0:00:30] Black must now prevent Ra8.} Qb8 {[%emt 0:02:56] [#] Strongly threatening ...Rxc1.} 18. Rxd7 $1 {[%emt 0:05:30][%mdl 512]} Nxd7 {[%emt 0:00:30]} 19. Ne6 {[%emt 0:03:37] And now Bd5 would win.} Rfc8 {[%emt 0:12:30]} 20. Be3 {[%emt 0:01:01]} Rxe3 {[%emt 0:01:23]} 21. fxe3 {[%emt 0:00:46]} Qb6 {[%emt 0:02:49]} 22. Qb3 {[%emt 0:04:03]} Bh6 {[%emt 0:00:30]} 23. Nf4+ {[%emt 0:00:30]} Qxb3 {[%emt 0:00:30]} 24. axb3 {[%emt 0:00:30][%cal Ba2b3,Bb3b4,Bb4b5][%mdl 32]} Rc7 {[%emt 0:00:30]} 25. b4 {[%emt 0:00:30] Ra1 is the strong threat.} Nb6 {[%emt 0:00:30]} 26. Nd5 {[%emt 0:05:24]} Ra7 {[%emt 0:00:35]} 27. b5 {[%emt 0:00:37]} e6 {[%emt 0:00:02]} 28. Nf4 {[%emt 0:01:08]} (28. Nxb6 $142 Bxe3+ 29. Kh1 Bxb6 30. Bb7) 28... e5 {[%emt 0:00:15] [#]} 29. Rc1 $1 {[%emt 0:07:36]} exf4 {[%emt 0:00:09] White has a decisive advantage.} 30. gxf4 {[%emt 0:00:45]} Bf8 {[%emt 0:01:17]} 31. Bb7 {[%emt 0:00:47]} ({Don't do} 31. Rc6 $6 Nd7 32. Bd5+ Kg7 $18) 31... Kf7 {[%emt 0:00:58]} 32. Rc6 {[%emt 0:00:31]} Na4 {[%emt 0:00:33]} 33. b6 {[%emt 0:00:28]} Nxb6 {[%emt 0:00:28]} 34. Rxb6 {[%emt 0:00:00] White took control after the opening.  Weighted Error Value: White=0.24 (precise) /Black=0.44} 1-0

[Event "Turkish Cup 2022"]
[Site "Sakarya"]
[Date "2022.03.29"]
[Round "7.6"]
[White "Eren, Ataberk"]
[Black "Kilic, Eray"]
[Result "0-1"]
[WhiteElo "2306"]
[BlackElo "2088"]
[Annotator "NA"]
[PlyCount "116"]
[EventDate "2022.03.25"]
[EventType "swiss"]
[EventCountry "TUR"]
[SourceTitle "playchess.com"]
[Source "ChessBase"]
[SourceQuality "1"]
[TimeControl "5400+30"]

1. d4 Nf6 2. c4 e6 3. Nc3 Bb4 4. Qc2 O-O 5. e4 d5 6. e5 Ne4 7. Bd3 c5 8. Nf3 {[%emt 0:03:30]} cxd4 {[%emt 0:07:30]} 9. Nxd4 {[%emt 0:00:00]} Nd7 {[%emt 0:01:30]} 10. Bf4 {[%emt 0:00:00]} Ndc5 {[%emt 0:02:30]} 11. O-O {[%emt 0:03:30]} Bxc3 {[%emt 0:09:30]} 12. bxc3 {[%emt 0:00:30]} Nxd3 {[%emt 0:00:30]} 13. Qxd3 {[%emt 0:00:30]} Nc5 {[%emt 0:06:30]} 14. Qe3 {[%emt 0:07:30]} dxc4 {[%emt 0:07:30]} 15. Bg5 {[%emt 0:03:30]} Qc7 {[%emt 0:04:30]} 16. Nb5 {[%emt 0:09:30]} Qc6 {[%emt 0:01:30]} 17. Rab1 {[%emt 0:13:30]} b6 {[%emt 0:07:30]} 18. f3 {[%emt 0:04:30]} Nd3 {[%emt 0:03:30]} 19. Be7 {[%emt 0:03:30]} Re8 {[%emt 0:00:30]} 20. Bd6 {[%emt 0:00:30]} Rd8 {[%emt 0:06:30]} 21. Qg5 {[%emt 0:11:30]} Rd7 {[%emt 0:11:30]} 22. Nd4 {[%emt 0:08:30]} Qd5 {[%emt 0:00:30]} 23. f4 {[%emt 0:10:30]} Bb7 {[%emt 0:17:11]} 24. Qg3 {[%emt 0:05:32]} Rc8 {[%emt 0:06:41]} 25. f5 {[%emt 0:01:33]} Kh8 {[%emt 0:02:42]} 26. Rb5 {[%emt 0:00:30]} Nc5 {[%emt 0:00:53]} 27. h4 {[%emt 0:13:09]} exf5 {[%emt 0:03:21]} 28. Nxf5 {[%emt 0:00:27]} Rg8 {[%emt 0:00:30]} 29. Bf8 {[%emt 0:01:58]} Qxg2+ {[%emt 0:00:50]} 30. Qxg2 {[%emt 0:00:30]} Bxg2 {[%emt 0:00:00]} 31. Kxg2 {[%emt 0:00:12]} Rxf8 {[%emt 0:00:15]} 32. Nd6 {[%emt 0:00:33]} Kg8 {[%emt 0:00:20]} 33. Nxc4 {[%emt 0:01:09]} Rd3 {[%emt 0:00:16]} 34. Rf3 {[%emt 0:00:11]} Rfd8 {[%emt 0:00:00]} 35. Nd6 {[%emt 0:00:18]} Rd2+ {[%emt 0:00:21]} 36. Rf2 {[%emt 0:00:39]} Rxf2+ {[%emt 0:00:34]} 37. Kxf2 {[%emt 0:00:30]} f6 {[%emt 0:00:00]} 38. Nc4 {[%emt 0:00:20]} Nd3+ {[%emt 0:00:07]} 39. Ke3 {[%emt 0:00:30]} Nxe5 {[%emt 0:00:16]} 40. Nxe5 {[%emt 0:00:00]} Re8 {[%emt 0:00:01]} 41. Kd4 {[%emt 0:00:26]} Rxe5 {[%emt 0:00:00]} 42. Rxe5 {[%emt 0:00:04]} fxe5+ {[%emt 0:00:04]} 43. Kxe5 {[%emt 0:00:30]} Kf7 {[%emt 0:00:30]} 44. Kf5 {[%emt 0:00:30]} g6+ {[%emt 0:00:30]} 45. Ke5 {[%emt 0:00:30]} Ke7 {[%emt 0:00:30]} 46. a4 {[%emt 0:00:42]} h6 {[%emt 0:00:56]} 47. c4 {[%emt 0:00:30]} a5 {[%emt 0:00:38]} 48. Kd5 {[%emt 0:00:44]} Kd7 {[%emt 0:00:30]} 49. c5 {[%emt 0:00:30]} bxc5 {[%emt 0:00:30]} 50. Kxc5 {[%emt 0:00:30]} g5 {[%emt 0:00:30]} 51. hxg5 {[%emt 0:00:30]} hxg5 {[%emt 0:00:30]} 52. Kd5 {[%emt 0:00:30]} g4 {[%emt 0:00:30]} 53. Ke4 {[%emt 0:00:30]} Kc6 {[%emt 0:00:30]} 54. Kf4 {[%emt 0:00:30]} Kc5 {[%emt 0:00:30]} 55. Kxg4 {[%emt 0:00:30]} Kb4 {[%emt 0:00:30]} 56. Kf3 {[%emt 0:00:30]} Kxa4 {[%emt 0:00:30]} 57. Ke2 {[%emt 0:00:30]} Kb3 {[%emt 0:00:30]} 58. Kd1 {[%emt 0:00:30]} Kb2 {[%emt 0:00:30]} 0-1

[Event "Turkish Cup 2022"]
[Site "Sakarya"]
[Date "2022.03.29"]
[Round "7.7"]
[White "Daghan, Devran"]
[Black "Yaran, Siar"]
[Result "0-1"]
[WhiteElo "1985"]
[BlackElo "2272"]
[Annotator "TA"]
[PlyCount "156"]
[EventDate "2022.03.25"]
[EventType "swiss"]
[EventCountry "TUR"]
[SourceTitle "playchess.com"]
[Source "ChessBase"]
[SourceQuality "1"]

{[%evp 9,156,-22,0,-6,12,8,8,8,22,-18,-18,-28,-33,-42,-36,-39,-28,-34,-58,-60,-25,-21,-47,-42,87,72,103,14,27,20,5,2,3,0,0,-12,-12,-25,-3,-3,-2,-3,-3,-4,-4,-4,0,-4,0,-12,-5,-63,-41,-248,-248,-246,-234,-256,-241,-241,-241,-922,-922,-921,-808,-906,-906,-914,-914,-906,-906,-906,-906,-906,-906,-906,-906,-906,-906,-906,-906,-899,-899,-892,-892,-877,-870,-730,-697,-679,-551,-347,-354,-326,-310,-307,-310,-281,-245,-2215,-2271,-756,-134,-134,-32,-29969,-29971,-29970,-29972,-29972,-29974,-29974,-29975,-29975,-29975,-29974,-29974,-29966,-29965,-29979,-29980,-29980,-29981,-29982,-29983,-29983,-29984,-29984,-29985,-29985,-29984,-29986,-29985,-29987,-29988,-29988,-29989,-29990,-29991,-29991,-29992,-29992,-29993,-29994,-29994,-29996,-29994,-29994,-29995]} 1. d4 Nf6 2. c3 Nc6 3. Bg5 {[#]} e5 $146 ({Predecessor:} 3... d6 4. Bxf6 exf6 5. e4 Be7 6. Bb5 O-O 7. Bxc6 bxc6 8. Nf3 d5 9. exd5 cxd5 10. O-O {0-1 (57) Bowen,P-Shearsby,J (1673) Chess.com INT 2021}) 4. dxe5 Nxe5 5. Nf3 Ng6 6. e3 {A70: Modern Benoni: 6 e4 g6 7 Nf3.} Be7 7. Nbd2 d5 8. Bd3 {The position is equal.} O-O 9. h4 Re8 10. h5 Nf8 11. Bxf6 Bxf6 12. Qc2 c5 13. h6 {[%cal Od3h7] Black must now prevent Bxh7+!} g6 14. c4 {[%cal Bc3c4,Bc4d5,Bd5d6][%mdl 32]} b5 15. cxd5 ({But not} 15. cxb5 c4 16. Be2 Bf5 $17) 15... c4 16. Be4 Bb7 (16... Bh8 $15 {keeps the upper hand.} 17. d6 Rb8) 17. d6 $16 Qb6 {[#]} 18. O-O (18. a4 $1 $16) 18... Rad8 $11 19. Bxb7 Qxb7 20. a4 {Strongly threatening axb5.} a6 21. axb5 axb5 22. Nd4 Rxd6 23. N2f3 Ra6 24. Rxa6 Qxa6 25. b3 Rc8 26. bxc4 bxc4 27. Qc3 Ne6 28. Ra1 Qb6 29. g3 Qb7 {[%cal Ob7f3]} 30. Nd2 (30. Rc1 $11) 30... Qd5 {[%cal Re6d4]} (30... Ng5 $5 {[%cal Rg5h3]}) 31. Ra4 $2 (31. Ra5 $15 Nxd4 32. exd4 Bxd4 33. Rxd5 Bxc3 34. Nxc4) 31... Nxd4 $19 32. exd4 Bxd4 33. Rxc4 Rxc4 (33... Bxc3 $2 {leads to mate.} 34. Rxc8+) 34. Qxc4 {Qc8+ would kill now.} Bxf2+ $1 35. Kh2 $2 (35. Kxf2 Qxd2+ 36. Kg1 Qxh6 37. Qe4) 35... Qxc4 36. Nxc4 {[%mdl 4096] Endgame KB-KN} Bc5 37. g4 Bf8 38. Ne3 Bxh6 39. Nd5 Bg5 40. Kg3 f6 41. Kf3 Kf7 42. Ke4 Ke6 43. Nc7+ Kd7 44. Nd5 Kd6 45. Nc3 Bc1 46. Nd5 Bb2 47. Ne3 Ke6 48. Nc2 Be5 49. Ne3 Ba1 50. Nc4 Bc3 51. Ne3 Ba5 52. Nc4 Bc7 53. Ne3 Bb6 {( -> ...Bxe3)} 54. Nc4 (54. Nf1) 54... Bc5 55. Nd2 h5 $2 (55... g5 $19 {[%cal Oh7h5]} 56. Nb3 Bb6) 56. gxh5 $17 f5+ (56... gxh5 $17 {And now ...h4 would win.} 57. Nf3 Bf2) 57. Kf4 $2 {[%mdl 8192] [#]} (57. Kd3 $15) 57... g5+ $1 {Black mates.} 58. Kg3 Kf6 59. Nb3 Bb6 60. Nc1 Kg7 61. Nd3 Kh6 62. Nb4 Kxh5 63. Nd5 Bc5 64. Kh3 g4+ 65. Kg2 Kg5 66. Nc3 Bd4 67. Ne2 Be5 68. Kf2 f4 69. Nc1 Kf5 70. Nd3 Bd6 71. Nc1 Ke4 72. Ne2 Be5 73. Nc1 g3+ 74. Kf1 f3 75. Nb3 Ke3 76. Kg1 Bc7 77. Nc5 Bb6 78. Nd7 Bd4 {Weighted Error Value: White=0.40/Black=0.15 (very precise)} 0-1

[Event "Turkish Cup 2022"]
[Site "Sakarya"]
[Date "2022.03.29"]
[Round "7.8"]
[White "Temizer, Umut"]
[Black "Ozdemir, Serhan Berat"]
[Result "0-1"]
[WhiteElo "1972"]
[BlackElo "2185"]
[Annotator "TA"]
[PlyCount "88"]
[EventDate "2022.03.25"]
[EventType "swiss"]
[EventCountry "TUR"]
[SourceTitle "playchess.com"]
[Source "ChessBase"]
[SourceQuality "1"]
[TimeControl "5400+30"]

{[%evp 18,88,37,0,46,37,46,50,35,35,41,35,43,50,43,35,35,33,30,20,24,16,34,25,32,16,88,88,104,78,56,-15,-31,-7,-4,-120,-120,-122,-124,-110,-110,-162,-134,-108,-106,-224,-277,-263,-270,-275,-233,-287,-275,-335,-337,-333,-320,-381,-375,-514,-505,-497,-492,-625,-625,-1068,-918,-959,-677,-1636,-1480,-5243,-3287]} 1. e4 c5 2. Nf3 e6 3. g3 {[%emt 0:01:00]} Nc6 {[%emt 0:07:00]} 4. Bg2 {[%emt 0:00:00]} Nf6 {[%emt 0:02:30]} 5. Qe2 {[%emt 0:00:00]} d6 {[%emt 0:02:30]} 6. O-O {[%emt 0:01:30]} Be7 {[%emt 0:00:30]} 7. Rd1 {[%emt 0:00:30]} e5 {[%emt 0:00:30]} 8. c3 {[%emt 0:11:30]} O-O {[%emt 0:00:30]} 9. h3 {[%emt 0:00:30]} Qc7 {[%emt 0:03:30]} 10. Na3 {[%emt 0:25:30]} a6 {[%emt 0:07:30]} (10... Be6 $11 {was preferrable.}) 11. d4 $14 {[%emt 0:06:30]} b5 {[%emt 0:01:30]} 12. Nc2 {[%emt 0:01:30]} cxd4 {[%emt 0:04:30]} 13. cxd4 {[%emt 0:00:30]} Re8 {[%emt 0:00:30]} 14. d5 {[%emt 0:17:30]} Na5 {[%emt 0:02:30]} 15. Nfe1 {[%emt 0:00:30]} Bd7 {[%emt 0:01:30]} 16. b3 {[%emt 0:06:30]} Rac8 {[%emt 0:01:30]} 17. Nb4 {[%emt 0:07:16]} Nb7 {[%emt 0:04:30]} 18. Be3 {[%emt 0:00:24]} Nc5 {[%emt 0:01:30]} 19. Rac1 {[%emt 0:00:44]} Qa5 {[%emt 0:07:30]} 20. Bd2 {[%emt 0:08:22]} Qb6 {[%emt 0:01:30]} 21. Nbd3 {[%emt 0:00:20]} a5 {[%emt 0:04:30]} (21... Nxd3 $11 {remains equal.} 22. Nxd3 a5) 22. Be3 {[%emt 0:00:57]} Qb8 {[%emt 0:01:30]} 23. Nxc5 {[%emt 0:01:35]} dxc5 {[%emt 0:00:30]} 24. Nd3 {[%emt 0:00:30]} ({White should play} 24. Bf3 $14) 24... c4 $11 {[%emt 0:00:30]} 25. bxc4 {[%emt 0:00:30]} bxc4 {[%emt 0:00:30]} 26. Ne1 {[%emt 0:00:30]} (26. Nb2 $11) 26... Ba4 $17 {[%emt 0:00:30]} 27. Nc2 {[%emt 0:03:52]} Qb2 {[%emt 0:01:30]} 28. d6 {[%emt 0:01:38] [#]} Bf8 $1 {[%emt 0:04:30]} 29. f4 {[%emt 0:00:30]} (29. Bg5 $17 {keeps fighting.} Red8 30. Bxf6 gxf6 31. Qg4+ Kh8 32. Rf1) 29... Nd7 {[%emt 0:00:30]} 30. Rd5 {[%emt 0:00:00]} Bc6 {[%emt 0:06:30]} 31. Rxa5 {[%emt 0:00:13]} (31. Rdd1 $17) 31... exf4 $19 {[%emt 0:00:30]} 32. gxf4 {[%emt 0:00:51]} Bxe4 {[%emt 0:00:30]} 33. Bxe4 {[%emt 0:00:30]} Rxe4 {[%emt 0:00:30]} 34. Re1 {[%emt 0:00:47]} Nf6 {[%emt 0:06:30]} ({Avoid the trap} 34... Bxd6 $2 35. Rd5 Qb8 36. Qd2 $19) 35. Re5 {[%emt 0:00:47]} Rxe5 {[%emt 0:00:30]} (35... Bxd6 $2 36. Rxe4 Nxe4 37. Bd4 Qxa2 38. Qxe4 $18) 36. fxe5 {[%emt 0:00:09]} Qxe5 {[%emt 0:00:30]} 37. Qg2 {[%emt 0:00:29]} Qxd6 {[%emt 0:00:30]} 38. Nd4 {[%emt 0:00:30]} Nd5 {[%emt 0:00:30]} 39. Bf2 {[%emt 0:04:10]} Nf4 {[%emt 0:05:30]} 40. Qf3 {[%emt 0:00:49]} Nd3 {[%emt 0:02:30]} 41. Re4 {[%emt 0:00:16]} Nxf2 {[%emt 0:00:30]} 42. Qxf2 {[%emt 0:00:11]} Qb6 {[%emt 0:00:53]} 43. Qf5 {[%emt 0:00:53]} Rc5 {[%emt 0:01:52]} 44. Qd7 {[%emt 0:00:24]} Qb1+ {[%emt 0:00:00]} 0-1

[Event "Turkish Cup 2022"]
[Site "Sakarya"]
[Date "2022.03.29"]
[Round "7.9"]
[White "Ererdem, Gani Eren"]
[Black "Ozcan, Ilker"]
[Result "1/2-1/2"]
[WhiteElo "2134"]
[BlackElo "2014"]
[Annotator "NA"]
[PlyCount "40"]
[EventDate "2022.03.25"]
[EventType "swiss"]
[EventCountry "TUR"]
[SourceTitle "playchess.com"]
[Source "ChessBase"]
[SourceQuality "1"]
[TimeControl "5400+30"]

1. d4 Nf6 2. Nf3 g6 3. Nbd2 d5 4. e3 Bg7 5. b4 O-O 6. c4 a5 {[%emt 0:04:30]} 7. b5 {[%emt 0:03:00]} c5 {[%emt 0:02:30]} 8. Bb2 {[%emt 0:00:30]} Nbd7 {[%emt 0:03:30]} 9. Rc1 {[%emt 0:04:30]} Re8 {[%emt 0:04:30]} 10. cxd5 {[%emt 0:04:30]} cxd4 {[%emt 0:03:30]} 11. e4 {[%emt 0:12:30]} e6 {[%emt 0:00:30]} 12. dxe6 {[%emt 0:00:30]} Rxe6 {[%emt 0:00:30]} 13. Bc4 {[%emt 0:00:30]} Ne5 {[%emt 0:08:30]} 14. Nxe5 {[%emt 0:10:30]} Rxe5 {[%emt 0:00:30]} 15. O-O {[%emt 0:00:30]} Nxe4 {[%emt 0:15:30]} 16. Nf3 {[%emt 0:07:30]} Re7 {[%emt 0:16:30]} 17. Bxd4 {[%emt 0:13:30]} Bg4 {[%emt 0:04:30]} 18. Bxg7 {[%emt 0:16:30]} Qxd1 {[%emt 0:00:30]} 19. Rfxd1 {[%emt 0:03:30]} Kxg7 {[%emt 0:00:30]} 20. Re1 {[%emt 0:02:30]} Rae8 {[%emt 0:01:30]} 1/2-1/2

[Event "Turkish Cup 2022"]
[Site "Sakarya"]
[Date "2022.03.29"]
[Round "7.11"]
[White "Gulbeyaz, Emir"]
[Black "Ibik, Halit Yavuz"]
[Result "1-0"]
[WhiteElo "2218"]
[BlackElo "1996"]
[Annotator "TA"]
[PlyCount "125"]
[EventDate "2022.03.25"]
[EventType "swiss"]
[EventCountry "TUR"]
[SourceTitle "playchess.com"]
[Source "ChessBase"]
[SourceQuality "1"]

{[%evp 18,125,18,8,23,32,38,38,41,12,50,22,94,81,118,77,91,72,94,117,101,111,117,118,124,122,210,200,184,216,196,160,161,161,161,161,161,161,161,161,161,161,161,161,161,161,161,161,161,154,164,149,141,151,184,144,190,183,176,171,244,158,152,0,307,0,0,0,460,443,425,411,402,377,333,320,931,926,1947,1679,1971,1401,1903,1919,1852,1818,1531,1585,1481,1447,1150,1103,5728,1149,6617,29946,6527,6075,5077,4798,29986,29987,29987,29988,29993,29994,29995,29993,29993,29994]} 1. e4 c5 2. Nf3 d6 3. d4 cxd4 4. Nxd4 Nf6 5. Nc3 a6 6. Be3 e5 7. Nb3 Be6 8. f3 h5 9. Qd2 Nbd7 10. Be2 Be7 {B90: Sicilian Najdorf: Unusual White 6th moves, 6 Be3 Ng4 and 6 Be3 e5.} 11. Nd5 Nxd5 12. exd5 Bf5 {White is slightly better.} 13. c4 {13.Na5 gains popularity.} Rc8 14. O-O {[#]} (14. Na5 $5 {[%cal Ra5b7]}) 14... Bf6 $146 (14... Nf6 $11) ({Predecessor:} 14... O-O 15. Na5 Qc7 16. b4 Bg6 17. Rac1 f5 18. c5 f4 19. Bf2 e4 20. fxe4 dxc5 {1-0 (38) Kasimdzhanov,R (2704)-Berg,E (2567) Germany 2016}) 15. Na5 $16 Qc7 16. Rac1 b6 17. Nc6 a5 18. g4 $36 {[%mdl 2048] Keeping Black busy.} Bg6 19. g5 Bd8 20. Bd3 Bxd3 21. Qxd3 Nc5 (21... Nb8 $16) 22. Bxc5 $18 bxc5 23. f4 {Strongly threatening Rce1.} O-O 24. h4 exf4 25. Rxf4 Qd7 26. Qe2 g6 27. Re1 Kg7 28. Qe3 a4 29. Kh2 Ra8 30. Re2 Rc8 31. Qc3+ Kg8 32. Rfe4 Ra8 33. Qg3 Kg7 34. a3 Rc8 35. b3 axb3 36. Qxb3 Ra8 (36... Rxc6 $16 {was called for.} 37. dxc6 Qxc6) 37. a4 Kg8 38. Kg2 Kh7 (38... Qf5 $142 39. Qc2 Kh7) 39. Qb5 Qc8 40. a5 $2 {&Bianco is much more active.} (40. Rf4 $16) 40... Qa6 {[%mdl 8192]} (40... Bxa5 $1 $11 41. Qb2 (41. Nxa5 Qf5 $11) 41... Bd8) 41. Re8 $2 (41. Ra2 $18) 41... Rxe8 $11 42. Rxe8 {[#] Qb2 would kill now.} Bc7 $2 {[%mdl 8192] White stays focused until the end.} (42... Qc8 $1 $11 {and Black stays safe.} 43. Qb3 (43. Nxd8 Qg4+ 44. Kf1 Qf3+ 45. Kg1 Qg3+ 46. Kf1 Qf3+ 47. Kg1 Qg3+ 48. Kf1 Qf3+ $11) 43... Qd7 44. Rxd8 Rxd8 45. Nxd8 Qxd8) 43. Qxa6 Rxa6 $18 {[%mdl 4096] Endgame KRB-KRN} 44. Re3 {[%cal Be8e3,Be3a3,Ba3f3][%mdl 32]} Kg7 (44... Bxa5 $2 45. Ra3) 45. Kf3 Ra8 (45... Bxa5 $2 46. Ra3 $18) 46. Ra3 {[#] Threatens to win with a6.} f6 $2 (46... Ra6 47. Ke3 Kh8) 47. a6 {[%cal Ba5a6,Ba6a7][%mdl 32]} fxg5 48. hxg5 Kg8 49. Kg3 Bb6 50. a7 Kf8 51. Rf3+ Kg8 52. Rb3 Bxa7 53. Ra3 Re8 54. Rxa7 {And now Ne7+ would win. KRN-KR} Re4 55. Ne7+ Kf7 56. Nf5+ Kg8 57. Rg7+ Kf8 58. Rxg6 {Intending Rf6+ and mate.} Rxc4 59. Rf6+ {White mates.} Kg8 60. g6 {[%cal Bg5g6,Bg6g7][%mdl 32]} h4+ 61. Kh3 Rc1 62. g7 Rg1 63. Rf8+ {Weighted Error Value: White=0.18 (very precise) /Black=0.56} 1-0